MDQL
is popping MORE tags! Check the
thread
!
Quizzes
Events
Quiz Creation
Community
Videos
Private Events
Remove Ads
Sign In
Join for FREE
Feedback
Dark Mode
Quiz Categories
Sports
Geography
Music
Movies
Television
Just For Fun
Miscellaneous
History
Literature
Language
Science
Gaming
Entertainment
Religion
Holiday
For Kids
Quiz Lab
Recent
Popular Today
Quiz Kudos Today
Editor Picks
Curator Picks
Quizzes by...
Day
Popularity
Type
Ratings
Length
Year
Community
Subscriptions
Recent Discussions
Orange Saloon
Badges
Playlists
Quests
Create
Leaderboards
Showdown
Live 5
Trivia Bingo
Activity
Puzzle Library
Sporcle Events
Private Events
Virtual Trivia
Globe League
Become a Host
Pub Owners
SporcleCon
Opinionation
Our Games
Videos
Blog
Mobile Apps
Partnerships
Remove Ads and Go Orange
Feedback
Sports
Athletes
MLB
NBA
NHL
NFL
Soccer
Sports Teams
WWE
NCAA
Football
Premier League
Basketball
Baseball
Hockey
Golf
Tennis
Cricket
Rugby
Auto Racing
Olympics
World Cup
Sports
Athletes
MLB
NBA
NHL
NFL
Soccer
Sports Teams
WWE
NCAA
Football
Premier League
Basketball
Baseball
Hockey
Golf
Tennis
Cricket
Rugby
Auto Racing
Olympics
World Cup
Random Quiz
Search Sporcle
×
Quiz Lab
Quiz Lab
Sports
Baseball
Type in answers that appear in a list
Type in answers that appear in a list
Classic
Best Score? Go Orange.
2009 MLB Awards Stats
Can you name the 2009 MLB Awards?
By
lilpedro45
7m
44 Questions
200 Plays
200 Plays
200 Plays
Comments
Comments
Give Quiz Kudos
Give Quiz Kudos
-
- Ratings
hide this ad
Forced Order
Answers have to be entered in order
Answers have to be entered in order
Random Order
Randomize order of answers
Randomize order of answers
Replay
Link that replays current quiz
Next Quiz
Link to next quiz in quiz playlist
You Got
0%
They Got
Avg Score
74%
Avg Friend Score
Upgrade to see
Score Distribution
Jump to the score distribution portion of the page
Score
0/44
Timer
07:00
0
Plays Today
Award
Name
% Correct
AL Cy Young
Zach Greinke
87.5%
AL Gold Glove (1B)
Mark Teixeira
83%
NL Cy Young
Tim Lincecum
82.5%
AL Gold Glove (3B)
Evan Longoria
82%
AL Gold Glove (C)
Joe Mauer
81.5%
AL Gold Glove (SS)
Derek Jeter
81.5%
NL Gold Glove (SS)
Jimmy Rollins
81.5%
NL Gold Glove (1B)
Adrian Gonzalez
81%
NL Silver Slugger (1B)
Albert Pujols
81%
AL Silver Slugger (C)
Joe Mauer
80.5%
AL Silver Slugger (SS)
Derek Jeter
80.5%
NL Silver Slugger (2B)
Chase Utley
80.5%
NL MVP
Albert Pujols
80.5%
NL Gold Glove (C)
Yadier Molina
80%
AL Silver Slugger (1B)
Mark Teixeira
80%
AL Silver Slugger (3B)
Evan Longoria
79.5%
Nl Gold Glove (3B)
Ryan Zimmerman
79%
NL Silver Slugger (SS)
Hanley Ramirez
78.5%
AL MVP
Joe Mauer
78%
AL Silver Slugger (OF)
Jason Bay
77%
AL Silver Slugger (OF)
Ichiro
77%
NL Silver Slugger (P)
Carlos Zambrano
76.5%
Award
Name
% Correct
NL Gold Glove (P)
Adam Wainwright
76%
NL Silver Slugger (3B)
Ryan Zimmerman
76%
AL Gold Glove (OF)
Torii Hunter
75%
AL Gold Glove (OF)
Ichiro
74.5%
NL Silver Slugger (OF)
Ryan Braun
74.5%
NL Silver Slugger (C)
Brian McCann
73.5%
AL Gold Glove (OF)
Adam Jones
73%
AL Silver Slugger (2B)
Aaron Hill
73%
NL Gold Glove (OF)
Matt Kemp
72%
AL Gold Glove (P)
Mark Buehrle
71.5%
NL Gold Glove (OF)
Shane Victorino
71.5%
AL Silver Slugger (OF)
Torii Hunter
71%
AL Gold Glove (2B)
Placido Polanco
70.5%
NL Silver Slugger (OF)
Matt Kemp
70.5%
NL Silver Slugger (OF)
Andre Ethier
68.5%
NL Gold Glove (2B)
Orlando Hudson
65.5%
NL Manager of the Year
Jim Tracy
64.5%
AL Silver Slugger (DH)
Adam Lind
59%
AL Manager of the Year
Mike Scioscia
57.5%
NL Gold Glove (OF)
Michael Bourn
55.5%
AL Rookie of the Year
Andrew Bailey
54%
NL Rookie of the Year
Chris Coghlan
47%
Quiz Playlist
Details
Report
Send in Message
Add To Playlist
Classic:
Type in answers that appear in a list
Forced Order:
Answers have to be entered in order
Random Order:
Randomize order of answers
Last Updated: Feb 16, 2017
Quiz Scoreboard
CHALLENGE
Sign Up to Join the Scoreboard
Show All
Scores
Hide
Comments
May contain spoilers
Recently Published
Image Sorting: Flags VI
by Barbecue
Geography
2m
Find the 'City' Movie
by crazypaving
Movies
60s
5x2 Blitz: Bands
by SL_Kpop136
Music
30s
More to Explore
Quiz From the Vault
Featured Blog Post
14 Easter Pick-up Lines to Find Eggs With
hide this ad
You Might Also Like...
Tags
Baseball Quiz
MLB Quiz
2009
Award
team
Today's Top Quizzes in Sports
Browse Sports
hide this ad
Today's Top Quizzes in Baseball
Browse Baseball
Top Contributed Quizzes in Sports
1
Les meilleurs buteurs des matchs entre le PSG et l’OM
2
Les entraîneurs de l'OM et du PSG au 21e siècle
3
Les joueurs passés par le PSG et l'OM
4
2022 World Cup Stars
5
Players with Multiple 50 Home Run Seasons
6
Criteria MLB: Left Handed Sluggers
7
MLB Players with Two .350 Batting Average Seasons
8
Les joueurs passés par le LOSC et le RC Lens
9
NBA Logic Puzzle 2.0
10
Top 10 NHL Goal Scorers of All Time
Explore More
Trending Topics
Disney
Kpop
NBA
Crossword
Marvel
Harry Potter
Anime
The Office
NFL
Soccer
Song
Puzzle
Pokémon
Country
WWE
hide this ad
More By:
lilpedro45
Quiz
Plays
Rating
Category
Featured
Created
2009 MLB Awards
200
3.00
Sports
Nov 25, 2009
Who has this Birthday
112
1.00
Just For Fun
Nov 21, 2009
Most Visited Museums in America
110
1.00
Miscellaneous
Nov 26, 2009
Go to Creator's Profile
Score Distribution
Quiz Creator Spotlight
lilpedro45
Follow
Send a Message
Quizzes Created
-
Created Quiz Play Count
-
More By This Creator
Popular Quizzes Today
1
Colored Red Africa Blitz
2
Find the US States - No Outlines Minefield
3
Find the 'City' Movie
4
5x2 Blitz: Bands
5
The Countries of the World
6
Find the US States
7
Find the Countries of Europe - No Outlines Minefield
8
US States
More Sports Quizzes
MLB MVP Reveal (2000-Present) XXX
Quiz Lab
Trending Quizzes
Colored Red Europe Blitz I
Colored Red Europe Blitz II
Colored Red Africa Blitz II
Colored Red Europe Blitz III
Colored Red Africa Blitz III
Recently Updated
How Do You Spell That?
pecheneg
Godzilla Movies
pecheneg
Grab Bag: 4-10 Letters
pecheneg
2024 March Madness Bracket
pecheneg
Famous TV Couples
Peacemaker
Champions League XIs: Real Madrid
pecheneg
Largest US Cities 1790-2010
pecheneg
Rides in Walt Disney World
pecheneg
Most Oscar Losses (Acting)
pecheneg
Beyoncé Albums
pecheneg
Trending Topics
Marvel
Anime
Kpop
Disney
Crossword
Harry Potter
NBA
NFL
WWE
Song
Pokémon
Country
Soccer
The Office
Puzzle
Your Account Isn't Verified!
In order to create a playlist on Sporcle, you need to verify the email address you used during registration. Go to your
Sporcle Settings
to finish the process.
Report this User
Report this user for behavior that violates our
Community Guidelines
.
Details:
Send Report
Go to the Sporcle.com Mobile Site →
Comments